Old names for Cities - Statistics

General Stats
  • This quiz has been taken 625 times
  • The average score is 14 of 24
Answer Stats
Old Name Current Name Country % Correct
Byzantion, Constantinople Istanbul Turkey
96%
New Amsterdam New York City New York, USA
96%
Londinium, Lundenwic London United Kingdom
90%
Ji, Zhongdu, Peiping Beijing China
89%
Lutetia Paris France
85%
Christiania,Kristiania Oslo Norway
83%
Kalapa, Jayakarta, Batavia Jakarta Indonesia
80%
Berytus Beirut Lebanon
76%
Mediolanum Milan Italy
76%
Barcino, Barcino Nova Barcelona Spain
75%
Wanggeom-seong,Seogyeong Pyongyang North Korea
71%
Ikosium, Icosium Algiers Algeria
67%
Fort Rouillé, York Toronto Ontario, Canada
65%
Yerba Buena San Francisco California, USA
61%
Ciudad Trujillo Santo Domingo Dominican Republic
54%
Yathrib Medina Saudi Arabia
46%
Fort Nassau, Fort Orange Albany New York, USA
43%
Pig's Eye St.Paul Minnesota, USA
37%
Chang'an Xi'an China
33%
Aspadana Isfahan Iran
26%
Ciudad Eva Perón La Plata Argentina
8%
Bactra Balkh Afghanistan
4%
Behdesīr Kerman Iran
3%
Fort Victoria, Nyanda Masvingo Zimbabwe
2%
No matching quizzes found
Score Distribution
Percent of People with Each Score
Percentile by Number Answered
Your Score History
You have not taken this quiz